Pokemon that contain the letter Y - Statistics

General Stats
  • This quiz has been taken 317 times
    300 since last reset
  • The average score is 90 of 123
Answer Stats
Generation Type Pokemon % Correct
I Rock/Flying Aerodactyl
92%
II Bug/Flying Yanma
91%
I Normal/Fairy Jigglypuff
90%
I Fairy Clefairy
89%
II Normal/Fairy Igglybuff
89%
I Normal/Fairy Wigglytuff
89%
IV Bug/Flying Yanmega
89%
I Normal/Flying Pidgey
87%
III Ground/Psychic Baltoy
85%
III Ground/Psychic Claydol
85%
III Ground/Dragon Flygon
85%
V Dark/Dragon Hydreigon
85%
I Psychic Hypno
85%
I Ice/Psychic Jynx
85%
VI Dark/Flying Yveltal
85%
I Water/Flying Gyarados
84%
II Steel/Flying Skarmory
84%
IV Normal/Flying Starly
84%
I Ghost/Poison Gastly
83%
VI Dragon/Ground Zygarde
83%
II Normal Blissey
82%
I Rock/Water Omanyte
82%
I Normal Chansey
80%
I Water/Ice Cloyster
80%
III Normal Delcatty
80%
I Bug/Flying Scyther
80%
V Electric Tynamo
80%
II Fire Typhlosion
80%
II Fighting Tyrogue
80%
III Bug/Flying Beautifly
79%
IV Normal Buneary
79%
V Ice Cryogonal
79%
II Fire Cyndaquil
79%
IV Normal Happiny
79%
I Grass/Poison Ivysaur
79%
I Water Krabby
79%
VII Rock Lycanroc
79%
I Ground/Rock Rhydon
79%
I Ground/Rock Rhyhorn
79%
I Water Staryu
79%
VI Fairy Sylveon
79%
VI Normal Bunnelby
78%
VII Bug/Fairy Cutiefly
78%
IV Ground/Rock Rhyperior
78%
III Normal Skitty
78%
II Rock/Dark Tyranitar
78%
VI Rock/Dragon Tyrantrum
78%
VI Normal/Ground Diggersby
77%
V Dragon/Ice Kyurem
77%
VI Fire/Normal Pyroar
77%
III Dragon/Flying Rayquaza
77%
III Dark/Ghost Sableye
77%
VI Rock/Dragon Tyrunt
77%
I Fire Ponyta
76%
V Water Tympole
76%
VIII Electric Yamper
76%
Ii Grass Bayleef
75%
V Normal/Flying Braviary
75%
III Rock/Grass Cradily
75%
III Grass Grovyle
75%
II Bug/Flying Ledyba
75%
V Dark/Flying Vullaby
75%
IV Bug Burmy
74%
IV Normal Lopunny
74%
I Fighting Mankey
74%
III Grass/Dark Shiftry
74%
V Grass Snivy
74%
VIII Dragon/Ghost Dreepy
72%
V Bug/Grass Leavanny
72%
III Dark Mightyena
72%
II Ground Phanpy
72%
III Psychic Wynaut
72%
VII Normal Yungoos
72%
V Psychic Beheeyem
71%
IX Dragon/Normal Cyclizar
71%
II Fire Magby
71%
VII Normal Silvally
71%
II Electric Flaaffy
70%
VI Dark/Psychic Inkay
70%
VII Ground Mudbray
70%
IX Bug Nymble
70%
II Water Octillery
70%
III Dark Poochyena
70%
V Psychic Elgyem
69%
VIII Grass Grookey
69%
III Fighting Hariyama
69%
IV Water/Flying Mantyke
69%
VII Ghost/Fairy Mimikyu
69%
IV Grass Shaymin
69%
VIII Electric/Poison Toxtricity
69%
V Ghost Yamask
69%
IV Electric Luxray
68%
V Dark/Fighting Scrafty
68%
V Dark/Fighting Scraggy
68%
VII Normal Type: Null
68%
VII Grass/Ghost Decidueye
67%
III Water Kyogre
67%
VII Ghost/Ground Sandygast
67%
V Psychic/Flying Sigilyph
67%
I Normal Porygon
66%
II Normal Porygon2
66%
IV Normal Porygon-Z
66%
I Water Psyduck
66%
VIII Rock Rolycoly
66%
VIII Fire Scorbunny
66%
VI Dragon Goomy
64%
III Water Gorebyss
63%
IV Water Manaphy
63%
IV Rock Bonsly
62%
VIII Grass Thwackey
62%
IX Water Quaxly
61%
VIII Normal/Psychic Wyrdeer
60%
IX Normal/Flying Squawkabilly
59%
VIII Fairy Milcery
57%
VII Fairy Comfey
56%
III Psychic Deoxys
56%
VII Water Pyukumuku
56%
IV Poison/Dark Stunky
56%
IV Normal Purugly
55%
IV Normal Lickilicky
54%
IX Electric/Ground Sandy Shocks
54%
VIII Psychic/Grass Calyrex
52%
IX Dark/Fire Chi-Yu
48%
No matching quizzes found
Score Distribution
Percent of People with Each Score
Percentile by Number Answered
Your Score History
You have not taken this quiz since the last reset